Las migraciones exteriores en la evolución de la población de España, 1950-2004 = External migrations in the recent. Evolution of the population in Spain (Registro nro. 35069)
[ vista simple ]
| 000 -CABECERA | |
|---|---|
| Longitud fija campo de control | 01081naa a2200277 c 4500 |
| 001 - NÚMERO DE CONTROL | |
| Número de control | 35069 |
| 003 - IDENTIFICADOR DE NÚMERO DE CONTROL | |
| Identificador del número de control | ES-MaCES |
| 005 - FECHA Y HORA DE LA ÚLTIMA TRANSACCIÓN | |
| Fecha y hora de la última transacción | 20141221114135.0 |
| 008 - CAMPO FIJO DE DESCRIPCIÓN FIJA--INFORMACIÓN GENERAL | |
| Códigos de información de longitud fija | 050816n2005 sp t 000 | spa d |
| 035 ## - NÚMERO DE CONTROL DEL SISTEMA | |
| Número de control del sistema | CES20050005533v |
| 040 ## - FUENTE DE CATALOGACIÓN | |
| Centro catalogador de origen | ES-MaCES |
| Lengua de catalogación | spa |
| Centro transcriptor | ES-MaCES |
| 100 1# - ENCABEZAMIENTO PRINCIPAL--NOMBRE PERSONAL | |
| Nombre de persona | Recolons Arquer, Lluís |
| 9 (RLIN) | 21823 |
| 245 14 - MENCIÓN DE TÍTULO | |
| Título | Las migraciones exteriores en la evolución de la población de España, 1950-2004 = External migrations in the recent. Evolution of the population in Spain |
| Mención de responsabilidad, etc. | Lluís Recolons Arquer |
| 500 ## - NOTA GENERAL | |
| Nota general | Resumen en castellano e inglés |
| 504 ## - NOTA DE BIBLIOGRAFÍA, ETC. | |
| Nota de bibliografía, etc. | Bibliografía: p. 87-89 |
| 650 #4 - ASIENTO SECUNDARIO DE MATERIA--TÉRMINO DE MATERIA | |
| Término de materia o nombre geográfico como elemento inicial | España |
| 9 (RLIN) | 26964 |
| 650 #4 - ASIENTO SECUNDARIO DE MATERIA--TÉRMINO DE MATERIA | |
| Término de materia o nombre geográfico como elemento inicial | fuentes estadísticas |
| 9 (RLIN) | 29537 |
| 650 #4 - ASIENTO SECUNDARIO DE MATERIA--TÉRMINO DE MATERIA | |
| Término de materia o nombre geográfico como elemento inicial | demografía |
| 9 (RLIN) | 28502 |
| 650 #4 - ASIENTO SECUNDARIO DE MATERIA--TÉRMINO DE MATERIA | |
| Término de materia o nombre geográfico como elemento inicial | migración internacional |
| 9 (RLIN) | 29805 |
| 650 #4 - ASIENTO SECUNDARIO DE MATERIA--TÉRMINO DE MATERIA | |
| Término de materia o nombre geográfico como elemento inicial | migración |
| 9 (RLIN) | 28635 |
| 653 10 - TÉRMINO DE INDEXACIÓN--NO CONTROLADO | |
| Término no controlado | Estadísticas demográficas-Población-Movimientos migratorios |
| 773 0# - ENTRADA DE DOCUMENTO FUENTE | |
| Título | Migraciones |
| Parte(s) relacionada(s) | n. 17 (jun. 2005){55/963 R. 061501}; p. 45-89 |
| Número de control del registro relacionado | (ES-MaCES)25925 |
| Itemnumber del ítem fuente | 77830 |
| 902 ## - CES. TIPO DE DOCUMENTO | |
| Tipodoc (006$c Sirtex) | ART Artículo de revista |
| 942 ## - ELEMENTOS KOHA | |
| Fuente de clasificaión o esquema | Clasificación propia del CES |
| Koha [por defecto] tipo de item | Artículos (1982-2017) |
| Parte de clasificación | 8.1. |
No hay ítems disponibles.
